| 000 | 00469pab a2200181 454500 | ||
|---|---|---|---|
| 008 | 180718b2013 xxu||||| |||| 00| 0 eng d | ||
| 100 | _aGarg, Manisha | ||
| 245 | _aMid day meal for the poor, privatised education for the non-poor | ||
| 260 | _c2013 | ||
| 300 | _ap.155-163. | ||
| 362 | _a27 Jul | ||
| 650 | _aPoverty | ||
| 650 | _aSchool meals | ||
| 700 | _aMandal, Kalyan Sankar | ||
| 773 | _aEconomic and Political Weekly | ||
| 908 | _aN | ||
| 909 | _a101343 | ||
| 999 |
_c101341 _d101341 |
||